Кто как умывается? (Запись № 1557268)

Подробности
000 -МАРКЕР
контрольное поле 01353nam0a2200349 4500
001 - ИДЕНТИФИКАТОР ЗАПИСИ
контрольное поле RU\NLR\bibl\1464959
005 - ИДЕНТИФИКАТОР ВЕРСИИ
контрольное поле 20260406104351.0
010 ## - МЕЖДУНАРОДНЫЙ СТАНДАРТНЫЙ НОМЕР КНИГИ (ISBN)
Номер (ISBN) 978-5-91282-005-2
Тираж 4200
021 ## - НОМЕР ГОСУДАРСТВЕННОЙ РЕГИСТРАЦИИ
Код страны российская федерация
Номер 2009-93647
Номер Листа государственной регистраци 5928
021 ## - НОМЕР ГОСУДАРСТВЕННОЙ РЕГИСТРАЦИИ
Код страны российская федерация
Номер 2010-79518
Номер Листа государственной регистраци 5301
035 ## - ДРУГИЕ СИСТЕМНЫЕ НОМЕРА
Идентификатор записи (nilc)RSL-KNO-004416608
035 ## - ДРУГИЕ СИСТЕМНЫЕ НОМЕРА
Идентификатор записи (NLR Aleph) 001456698
100 ## - ДАННЫЕ ОБЩЕЙ ОБРАБОТКИ
Данные общей обработки 20091120d2009 |||y0rusy50 ca
101 0# - ЯЗЫК РЕСУРСА
Язык текста, звукозаписи и т.д. русский
102 ## - СТРАНА ПУБЛИКАЦИИ ИЛИ ПРОИЗВОДСТВА
Страна публикации российская федерация
105 ## - ПОЛЕ КОДИРОВАННЫХ ДАННЫХ: ТЕКСТОВЫЕ МАТЕРИАЛЫ, МОНОГРАФИЧЕСКИЕ
Кодированные данные о монографическом текстовом документе a zzzz|||||
200 1# - ЗАГЛАВИЕ И СВЕДЕНИЯ ОБ ОТВЕТСТВЕННОСТИ
Основное заглавие Кто как умывается?
Сведения, относящиеся к заглавию [для чтения взрослыми детям
Первые сведения об ответственности авт. Е. С. Аксаментова
Последующие сведения об ответственности худож. Е. Целуева]
210 ## - ПУБЛИКАЦИЯ, РАСПРОСТРАНЕНИЕ И ДР.
Место издания, распространения и т.д. Ростов-на-Дону
Имя издателя, распространителя и т. д. Леда
-- Слово
Дата издания, распространения и т.д. 2009
Место изготовления Ростов н/Д
Имя изготовителя РОНИиС-ПАК
215 ## - ФИЗИЧЕСКАЯ ХАРАКТЕРИСТИКА
Специфическое обозначение материала и объем [8] с.
Другие сведения о физической характеристике цв. ил.
Размеры 22
225 1# - СЕРИЯ
Основное заглавие серии Солнышко
225 1# - СЕРИЯ
Основное заглавие серии Серия "Для самых маленьких"
Сведения, относящиеся к заглавию в 180 т.
Обозначение тома т. 105
300 ## - ОБЩИЕ ПРИМЕЧАНИЯ
Текст примечания Авт. указан перед вып. дан.
686 ## - ИНДЕКСЫ ДРУГИХ КЛАССИФИКАЦИЙ
Индекс Ш9(2)6=Р70-53
Код системы
700 #1 - ИМЯ ЛИЦА - ПЕРВИЧНАЯ ОТВЕТСТВЕННОСТЬ
Начальный элемент ввода Аксаментова
Часть имени, кроме начального элемента ввода Е. С.
Код отношения Автор
702 #1 - ИМЯ ЛИЦА - ВТОРИЧНАЯ ОТВЕТСТВЕННОСТЬ
Код отношения Иллюстратор
Материалы, к которым относится поле rus
Графика поля Кириллица
Начальный элемент ввода Целуева
Часть имени, кроме начального элемента ввода Е.
Дополнения к именам, кроме дат художник-иллюстратор
Расширение инициалов личного имени Елена
Идентификатор авторитетной/нормативной записи RU\NLR\AUTH\7795343
Системный номер авторитетной/нормативной записи 78269
801 #0 - ИСТОЧНИК ЗАПИСИ
Страна российская федерация
Организация РГБ
Дата составления 20091120
Правила каталогизации rcr
801 #1 - ИСТОЧНИК ЗАПИСИ
Страна российская федерация
Организация РГБ
Дата составления 20091120
801 #2 - ИСТОЧНИК ЗАПИСИ
Страна российская федерация
Организация NLR
Дата составления 20100127
Правила каталогизации rcr
942 ## - ДОПОЛНИТЕЛЬНЫЕ ЭЛЕМЕНТЫ ЗАПИСИ (АБИС)
Тип экземпляра АБИС Книга
980 ## - КОЛЛЕКЦИЯ
Название коллекции Национальная библиография
Экземпляры
Тип экземпляра Дата поступления Источник поступления Библиотека постоянного хранения Библиотека текущего хранения Место хранения Шифр хранения Штрих-код Статус не для выдачи
Книга 27.01.2010 Обязательный экземпляр РНБ (Московский) РНБ (Московский) Русский книжный фонд: издания с 1957 года, 8этаж 2010-6/71 3087877  
Книга 27.01.2010 Обязательный экземпляр РНБ (Московский) РНБ (Московский) Обменный фонд   3087878  
Книга 17.11.2010 Обязательный экземпляр РНБ (Московский) РНБ (Московский) Обменный фонд   3295362  
Книга 17.11.2010 Обязательный экземпляр РНБ (Московский) РНБ (Московский) Обменный фонд   3295363